| 000 | 00515nam a2200169Ia 4500 | ||
|---|---|---|---|
| 008 | 190805s9999||||xx |||||||||||||| ||und|| | ||
| 020 |
_a9781849270649 _c£ 35.00 |
||
| 082 | 0 | 4 |
_a623.89 _bF9291 |
| 100 | 1 | _aFrost, A. | |
| 245 | 1 | 0 |
_aPractical Navigation for Officers of the Watch / _cA. Frost |
| 250 | _a2nd ed. | ||
| 260 |
_aGlasgow : _bBrown, Son & Ferguson Ltd, _c2016 |
||
| 300 |
_avii, 360 p. _b : ill. _c; 22 cm. |
||
| 650 | 0 |
_aNavigation _vHandbooks, manuals, etc. |
|
| 942 | _cBK | ||
| 999 |
_c253 _d253 |
||